Global security watch : (Record no. 14847)

000 -LEADER
fixed length control field 01698nam a2200289 a 4500
001 - CONTROL NUMBER
control field ASIN8182746167
003 - CONTROL NUMBER IDENTIFIER
control field OSt
005 - DATE AND TIME OF LATEST TRANSACTION
control field 20170105102905.0
008 - FIXED-LENGTH DATA ELEMENTS--GENERAL INFORMATION
fixed length control field 131022s2012 xxu eng d
020 ## - INTERNATIONAL STANDARD BOOK NUMBER
International Standard Book Number 8182746167 (hardcover)
020 ## - INTERNATIONAL STANDARD BOOK NUMBER
International Standard Book Number 9788182746169 (hardcover)
040 ## - CATALOGING SOURCE
Original cataloging agency 0
050 04 - LIBRARY OF CONGRESS CALL NUMBER
Classification number UA853.P3
082 04 - DEWEY DECIMAL CLASSIFICATION NUMBER
Classification number 355.03305491
Author Mark HAS 2012
100 1# - MAIN ENTRY--PERSONAL NAME
Personal name Hasnat, Syed Farooq.
245 10 - TITLE STATEMENT
Title Global security watch :
Remainder of title Pakistan /
Statement of responsibility, etc. Syed Farooq Hasnat.
260 ## - PUBLICATION, DISTRIBUTION, ETC.
Place of publication, distribution, etc. [S.l.] :
Name of publisher, distributor, etc. Pentagon Press,
Date of publication, distribution, etc. 2012.
300 ## - PHYSICAL DESCRIPTION
Extent 222 p. ;
Dimensions 25 cm.
520 ## - SUMMARY, ETC.
Summary, etc. In recent years Pakistan has emerged as a major security concern for the United States. The acts of terrorism that originate in Pakistan and its culture of extremism cause serious apprehension for the international community as well. Pakistan's ability to combat extremism within its borders and its policy towards Afghanistan will also play a large role in determining the success of U.S. military actions in Afghanistan. This volume will be the first to deal with a variety of emerging security issues of the country and their regional and international implications. This volume examines the issues of utmost importance for Pakistan's stability and strategic balance, and explains their significance from the global perspective. Each chapter in this book addresses specific security challenges of Pakistan, both domestic and international.
650 #0 - SUBJECT ADDED ENTRY--TOPICAL TERM
Topical term or geographic name entry element International relations
650 #0 - SUBJECT ADDED ENTRY--TOPICAL TERM
Topical term or geographic name entry element National security
650 #0 - SUBJECT ADDED ENTRY--TOPICAL TERM
Topical term or geographic name entry element Pakistan
650 #0 - SUBJECT ADDED ENTRY--TOPICAL TERM
Topical term or geographic name entry element Political science
650 #0 - SUBJECT ADDED ENTRY--TOPICAL TERM
Topical term or geographic name entry element Strategic aspects of individual places
856 40 - ELECTRONIC LOCATION AND ACCESS
Materials specified Amazon.com
Uniform Resource Identifier <a href="http://www.amazon.com/exec/obidos/ASIN/8182746167/chopaconline-20">http://www.amazon.com/exec/obidos/ASIN/8182746167/chopaconline-20</a>
942 ## - ADDED ENTRY ELEMENTS (KOHA)
Source of classification or shelving scheme
Koha item type Book
Holdings
Withdrawn status Lost status Damaged status Not for loan Collection code Permanent Location Current Location Shelving location Date acquired Total Checkouts Full call number Barcode Date last seen Price effective from Koha item type
          Centre for International Peace & Stability (CIPS) Centre for International Peace & Stability (CIPS) General Stacks 10/02/2013   355.03305491 HAS 2012 CIPS0001834 10/22/2013 10/22/2013 Book
          Centre for International Peace & Stability (CIPS) Centre for International Peace & Stability (CIPS) General Stacks 03/15/2016   355.03305491 HAS 2012 CIPS0002784 03/15/2016 03/15/2016 Book
© 2023 Central Library, National University of Sciences and Technology. All Rights Reserved.